История / (Record no. 429190)
[ view plain ]
| 000 -LEADER | |
|---|---|
| fixed length control field | 02255nam a22003497a 4500 |
| 003 - CONTROL NUMBER IDENTIFIER | |
| control field | AM-YeHGA |
| 040 ## - CATALOGING SOURCE | |
| Original cataloging agency | AM-YeHGA |
| 090 ## - LOCALLY ASSIGNED LC-TYPE CALL NUMBER (OCLC); LOCAL CALL NUMBER (RLIN) | |
| -- | 431731 |
| 005 - DATE AND TIME OF LATEST TRANSACTION | |
| control field | 20250617155236.0 |
| 008 - FIXED-LENGTH DATA ELEMENTS--GENERAL INFORMATION | |
| fixed length control field | 180814s1957 ru b||||r|||||001|0|rus|| |
| 041 1# - LANGUAGE CODE | |
| Language code of text/sound track or separate title | rus |
| Language code of original | gre |
| 100 1# - MAIN ENTRY--PERSONAL NAME | |
| Personal name | Феофилакт, Симокатта, |
| Dates associated with a name | VII в. |
| 245 10 - TITLE STATEMENT | |
| Title | История / |
| Statement of responsibility, etc. | [Пер. с греч. проф. С. И. Кондратьева ; Лит. обработка перевода и примеч. канд. ист. наук К. А. Осиповой ; Отв. ред. и вступ. статья чл.-кор. АН СССР Н. В. Пигулевской ; Акад. наук СССР. Ин-т истории. Ин-т славяноведения]. |
| 260 ## - PUBLICATION, DISTRIBUTION, ETC. | |
| Place of publication, distribution, etc. | Москва : |
| Name of publisher, distributor, etc. | Изд-во Акад. наук СССР, |
| Date of publication, distribution, etc. | 1957. |
| 300 ## - PHYSICAL DESCRIPTION | |
| Extent | 224 с., 2 л. карт. ; |
| Dimensions | 23 см. |
| 490 1# - SERIES STATEMENT | |
| Series statement | Памятники средневековой истории народов Центральной и Восточной Европы / Редкол. М.Н. Тихомиров(главный ред.), Е.А. Косминский и др. |
| 500 ## - GENERAL NOTE | |
| General note | Указ. географ. и этнических назв. : с. 216-219 |
| 500 ## - GENERAL NOTE | |
| General note | Указ. собственных имен : с. 220-222 |
| 504 ## - BIBLIOGRAPHY, ETC. NOTE | |
| Bibliography, etc. note | Библиогр. в примеч. : с. 195-215 |
| 650 14 - SUBJECT ADDED ENTRY--TOPICAL TERM | |
| Topical term or geographic name entry element | История |
| Geographic subdivision | Восточно-Центральная Европа |
| 650 14 - SUBJECT ADDED ENTRY--TOPICAL TERM | |
| Topical term or geographic name entry element | Источниковедение |
| 650 14 - SUBJECT ADDED ENTRY--TOPICAL TERM | |
| Topical term or geographic name entry element | Средневековая историография |
| 653 0# - INDEX TERM--UNCONTROLLED | |
| Uncontrolled term | Славяне - История, 6-7 вв. |
| 653 0# - INDEX TERM--UNCONTROLLED | |
| Uncontrolled term | Византия - История, 6-7 вв. |
| 700 1# - ADDED ENTRY--PERSONAL NAME | |
| Personal name | Кондратьев, С. И. |
| Relator term | пер. |
| Relationship | trl |
| 700 1# - ADDED ENTRY--PERSONAL NAME | |
| Personal name | Осипова, К. А. |
| Relator term | адапт. |
| Relationship | adp |
| 700 1# - ADDED ENTRY--PERSONAL NAME | |
| Personal name | Пигулевская, Н. В. |
| Relator term | ред. |
| Relationship | edt |
| Relator term | авт. введ. |
| Relationship | aui |
| 710 2# - ADDED ENTRY--CORPORATE NAME | |
| Corporate name or jurisdiction name as entry element | Институт истории АН СССР |
| 710 2# - ADDED ENTRY--CORPORATE NAME | |
| Corporate name or jurisdiction name as entry element | Институт славяноведения |
| 830 #0 - SERIES ADDED ENTRY--UNIFORM TITLE | |
| Uniform title | Памятники средневековой истории народов Центральной и Восточной Европы / Редкол. М.Н. Тихомиров(главный ред.), Е.А. Косминский и др. |
| 942 ## - ADDED ENTRY ELEMENTS (KOHA) | |
| Source of classification or shelving scheme | Universal Decimal Classification |
| Koha item type | Գրքեր / Books |
| Withdrawn status | Lost status | Source of classification or shelving scheme | Damaged status | Not for loan | Collection | Home library | Current library | Date acquired | Total checkouts | Full call number | Barcode | Date last seen | Price effective from | Koha item type | Public note |
|---|---|---|---|---|---|---|---|---|---|---|---|---|---|---|---|
| Universal Decimal Classification | General | Fundamental Scientific Library | Fundamental Scientific Library | 05/04/2019 | РД II/57089 | FL0570886 | 05/04/2019 | 05/04/2019 | Գրքեր / Books | 30 Days Loan | |||||
| Universal Decimal Classification | General | Fundamental Scientific Library | Fundamental Scientific Library | 05/04/2019 | РД II/57741 | FL0570914 | 05/04/2019 | 05/04/2019 | Գրքեր / Books | 30 Days Loan |
ՀՀ Գիտությունների ազգային ակադեմիայի հիմնարար գիտական գրադարան = Fundamental Scientific Library of NAS RA
All site content, except where otherwise noted, is licensed under a